00534nam a22001697a 450000500170000001000150001702000260003203500130005803700130007108200120008410000170009624500480011326000460016127000810020730000260028850000500031420140224144402.0 aENG-108744 c495.00a9788192426532 aEN-92277 bDBAD/PUB a371.334 aSingh, U. K. aEducation in computer age /cby U. K. Singh aNew DelhibGaurav Book Distributorsc2013 aH No. 45,Ground floor, Shivaji Marg, Gali No. 5, Kartar NagarbDelhie110053 aviii,160p. c22cm(Hb) aIncludes bibliographical references and lndex